Stany USA, ale w 3 minuty - Statystyki

Ogólne statystyki
  • Ten quiz został rozwiązany 1 429 razy
  • Średni wynik to 29 z 50
Odpowiedzi na mapie
Odpowiedzi zakodowano w zielono-czerwonej skali na mapie do tego quizu, zgodnie z poniższymi procentami.
 
Statystyki odpowiedzi
Stan % Poprawnych
Alaska
90%
Kalifornia
90%
Teksas
85%
Floryda
83%
Nowy Jork
83%
Waszyngton
81%
Hawaje
77%
Ohio
73%
Nevada
71%
Alabama
69%
Arizona
69%
Kolorado
69%
Nowy Meksyk
67%
Karolina Północna
66%
Karolina Południowa
65%
Dakota Północna
62%
Dakota Południowa
61%
Mississippi
61%
Idaho
59%
Illinois
58%
Georgia
57%
Utah
57%
Montana
56%
Pennsylwania
56%
Kentucky
55%
Arkansas
54%
Luizjana
54%
Michigan
54%
Nebraska
54%
New Jersey
54%
Oklahoma
54%
Kansas
53%
Oregon
53%
Wirginia
53%
Maine
51%
Indiana
50%
Iowa
50%
Missouri
50%
Wyoming
50%
Minnesota
46%
Wisconsin
45%
Rhode Island
44%
Wirginia Zachodnia
44%
Massachusetts
43%
Tennessee
43%
Connecticut
42%
Vermont
42%
Maryland
41%
New Hampshire
41%
Delaware
40%
Nie znaleziono quizów pasujących do podanych kryteriów
Rozkład punktacji
Procent ludzi z każdym wynikiem
Percentyl według liczby udzielonych odpowiedzi
Twoja historia wyników
Nie rozwiązałeś tego quizu